000
00258nam a2200109Ia 4500
008
200302s9999 xx 000 0 und d
100
_a
R. Chudley
245
_a
Construction Technology Vol 4
260
_b
Longman Group Ltd.
260
_c
1977
300
_a
292 P.,
999
_c
225
_d
225